[Event "Thüringer Einzelmeisterschaft"]
[Site "Finsterbergen"]
[Date "2005.03.24"]
[Round "2"]
[White "Von Otte, Wilhelm"]
[Black "Aepfler, Christian"]
[Result "0-1"]
[WhiteElo "1977"]
[BlackElo "2262"]
[PlyCount "120"]
[EventDate "2005.??.??"]
[EventRounds "9"]
[EventCountry "GER"]

1. e4 e6 2. d4 d5 3. Nc3 Be7 4. Bd3 dxe4 5. Nxe4 Nf6 6. Nf3 Nbd7 7. c3 O-O 8.
Neg5 c5 9. Qc2 h6 10. h4 Qc7 11. Be3 cxd4 12. Nxd4 Ne5 13. Bh7+ Kh8 14. O-O-O
Neg4 15. Bg6 fxg6 16. Ngxe6 Bxe6 17. Nxe6 Qc4 18. Nxf8 Rxf8 19. Rd4 Qxa2 20.
Ra4 Qe6 21. Bxa7 b5 22. Ra5 Qc6 23. f3 Bd8 24. Ra1 Ne5 25. Bd4 Nfd7 26. Kb1 Bf6
27. Re1 Qd5 28. Qe4 Qxe4+ 29. Rxe4 Nc4 30. Kc2 Nd6 31. Re6 Nf5 32. Bxf6 Nxf6
33. Ra5 Rc8 34. Kd3 Rd8+ 35. Ke2 Nd5 36. g3 Nxg3+ 37. Kf2 Nf5 38. Rxb5 Nc7 39.
Rxf5 gxf5 40. Re5 Rd2+ 41. Ke3 Rxb2 42. Rxf5 Rh2 43. Rc5 Ne6 44. Rc8+ Kh7 45.
Re8 Nc7 46. Rc8 Nd5+ 47. Ke4 Ne7 48. Rf8 Ng6 49. Rf7 Rxh4+ 50. f4 Kg8 51. Rf5
Rxf4+ 52. Rxf4 Nxf4 53. Kxf4 Kf7 54. Ke5 Ke7 55. Kd5 Kd7 56. c4 Kc7 57. Kc5 h5
58. Kd5 h4 59. Ke4 Kc6 60. Kf4 Kc5 0-1

[Event "Thüringer Einzelmeisterschaft"]
[Site "Finsterbergen"]
[Date "2005.03.24"]
[Round "2"]
[White "Gulich, Christian"]
[Black "Koksch, Florian"]
[Result "1-0"]
[WhiteElo "2113"]
[BlackElo "1910"]
[PlyCount "83"]
[EventDate "2005.??.??"]
[EventRounds "9"]
[EventCountry "GER"]

1. e4 e5 2. Nf3 Nf6 3. d4 Nxe4 4. Bd3 d5 5. Nxe5 Bd6 6. Qe2 O-O 7. O-O Bxe5 8.
dxe5 Nc5 9. Nc3 Nxd3 10. cxd3 Nc6 11. f4 Re8 12. Qf3 Be6 13. Ne2 Qd7 14. h3 d4
15. Bd2 Bd5 16. Qf2 Rad8 17. b3 Qf5 18. Rad1 b6 19. Bc1 f6 20. exf6 Qxf6 21.
Bb2 Re3 22. Nxd4 Nxd4 23. Qxe3 Nf3+ 24. Rxf3 Qxb2 25. Rf2 Qf6 26. Qe5 Qf7 27.
Re2 Kf8 28. Rde1 Bc6 29. Qe7+ Qxe7 30. Rxe7 Rd7 31. Rxd7 Bxd7 32. Kf2 Kf7 33.
d4 Kf6 34. Rc1 c6 35. Kf3 Be6 36. Rxc6 Kf5 37. Rxe6 Kxe6 38. Ke4 g6 39. g4 h5
40. f5+ gxf5+ 41. gxf5+ Kf6 42. Kf4 1-0

[Event "Thüringer Einzelmeisterschaft"]
[Site "Finsterbergen"]
[Date "2005.03.24"]
[Round "2"]
[White "Kirchhübel, Steffen"]
[Black "Stridde, Peter"]
[Result "1-0"]
[WhiteElo "1847"]
[BlackElo "2085"]
[PlyCount "64"]
[EventDate "2005.??.??"]
[EventRounds "9"]
[EventCountry "GER"]

1. b4 a5 2. b5 d5 3. Bb2 c5 4. e3 e6 5. Nf3 Nd7 6. a4 b6 7. c4 Ngf6 8. d3 Bb7
9. Be2 Qc7 10. Nbd2 Be7 11. Qc2 h6 12. Rc1 O-O-O 13. d4 Kb8 14. dxc5 Bxc5 15.
O-O Rc8 16. Nb3 Bd6 17. Qd3 Qd8 18. Rc2 Qe7 19. Nfd4 Ne5 20. Qd1 Nxc4 21. Bxc4
Rxc4 22. Nc6+ Bxc6 23. bxc6 Rxc2 24. Qxc2 e5 25. Qd3 Qa7 26. Qb5 Kc7 27. f4
exf4 28. Bxf6 gxf6 29. Qxd5 b5 30. Nd4 Rb8 31. Qxf7+ Kb6 32. Qxf6 Qe7 {ZÜ} 1-0

[Event "Thüringer Einzelmeisterschaft"]
[Site "Finsterbergen"]
[Date "2005.03.24"]
[Round "2"]
[White "Manger, Erika"]
[Black "Kirste, Olaf"]
[Result "0-1"]
[WhiteElo "1479"]
[BlackElo "2056"]
[PlyCount "142"]
[EventDate "2005.??.??"]
[EventRounds "9"]
[EventCountry "GER"]

1. d4 g6 2. g3 Bg7 3. Bg2 d6 4. e4 Nd7 5. Ne2 e5 6. b3 Ne7 7. Bb2 O-O 8. O-O f5
9. exf5 Nxf5 10. dxe5 Nxe5 11. Bd5+ Kh8 12. Nbc3 Ne7 13. Bg2 Nf3+ 14. Kh1 Nc6
15. Nf4 Nfe5 16. Rb1 Bg4 17. f3 Bf5 18. Bh3 Qd7 19. Bxf5 Rxf5 20. Ncd5 Raf8 21.
Ne3 R5f7 22. Qd5 Nd8 23. Nc4 c6 24. Nxe5 dxe5 25. Qxd7 Rxd7 26. Nd3 Nf7 27.
Rbe1 Rd5 28. f4 Re8 29. f5 e4 30. Bxg7+ Kxg7 31. f6+ Kf8 32. Nf4 Rd2 33. Re2 e3
34. Kg2 Re4 35. Rxd2 exd2 36. Rd1 g5 37. Nd3 Re2+ 38. Nf2 Ne5 39. Kf1 Re1+ 40.
Rxe1 dxe1=Q+ 41. Kxe1 Nf3+ 42. Kf1 Kf7 43. Ne4 g4 44. Nd6+ Kxf6 45. Nxb7 Nxh2+
46. Kg2 Nf3 47. Na5 Ne5 48. Nb7 h5 49. Nd6 Nf3 50. c4 Ke5 51. Nc8 a6 52. Ne7
Nd4 53. Ng6+ Kf6 54. Nf4 Kg5 55. Nd3 h4 56. gxh4+ Kxh4 57. Ne5 c5 58. Nd3 Ne6
59. a3 a5 60. Kh2 g3+ 61. Kg2 Kg4 62. Ne5+ Kf5 63. Nc6 Kf4 64. Nxa5 Kg4 65. Nc6
Nf4+ 66. Kg1 Kh3 67. Ne5 Ne2+ 68. Kf1 g2+ 69. Kxe2 g1=Q 70. Nf3 Qg2+ 71. Ke3
Qb2 0-1

[Event "Thüringer Einzelmeisterschaft"]
[Site "Finsterbergen"]
[Date "2005.03.24"]
[Round "2"]
[White "Vogel, Alfred"]
[Black "Grüner, Nico"]
[Result "1-0"]
[WhiteElo "2049"]
[BlackElo "1481"]
[PlyCount "75"]
[EventDate "2005.??.??"]
[EventRounds "9"]
[EventCountry "GER"]

1. e4 c5 2. Nc3 Nc6 3. g3 g6 4. Bg2 Bg7 5. d3 d6 6. Be3 Nd4 7. Qd2 Qa5 8. f4 e6
9. Nf3 Nh6 10. h3 f5 11. Ng5 Bd7 12. O-O O-O 13. Qf2 Nf7 14. Nf3 e5 15. Nh2
Rac8 16. Nd5 Qd8 17. c3 Nc6 18. Qe2 Ne7 19. exf5 Nxf5 20. Bf2 Re8 21. Qc2 b5
22. Be4 a5 23. g4 Ne7 24. Bh4 exf4 25. Nxe7+ Rxe7 26. Bd5 g5 27. Bxg5 Bc6 28.
Bxf7+ Kxf7 29. Rxf4+ Kg8 30. Raf1 Qd7 31. Bxe7 Qxe7 32. Qf2 b4 33. Rf7 Qe6 34.
Rf4 bxc3 35. bxc3 Bxc3 36. Rf8+ Kg7 37. Qf7+ Qxf7 38. R1xf7+ 1-0

[Event "Thüringer Einzelmeisterschaft"]
[Site "Finsterbergen"]
[Date "2005.03.24"]
[Round "3"]
[White "Wegerich, Michael"]
[Black "Paehtz, Thomas Jr"]
[Result "1/2-1/2"]
[WhiteElo "2135"]
[BlackElo "2259"]
[PlyCount "42"]
[EventDate "2005.??.??"]
[EventRounds "9"]
[EventCountry "GER"]

1. e4 e6 2. d4 d5 3. Nd2 dxe4 4. Nxe4 Nd7 5. Nf3 Ngf6 6. Bd3 c5 7. O-O cxd4 8.
Nxd4 Nxe4 9. Bxe4 Nf6 10. Bf3 Be7 11. c3 O-O 12. Qe2 a6 13. Bf4 Bd6 14. Bxd6
Qxd6 15. Rad1 Qc7 16. Rfe1 Re8 17. Nf5 e5 18. Nd6 Re7 19. Qc4 Qxc4 20. Nxc4 Be6
21. Rxe5 Rd7 1/2-1/2

[Event "Thüringer Einzelmeisterschaft"]
[Site "Finsterbergen"]
[Date "2005.03.24"]
[Round "3"]
[White "Holzschuh, Stephan"]
[Black "Huster, Mike"]
[Result "1-0"]
[WhiteElo "2181"]
[BlackElo "2074"]
[PlyCount "45"]
[EventDate "2005.??.??"]
[EventRounds "9"]
[EventCountry "GER"]

1. Nf3 Nf6 2. g3 g6 3. Bg2 Bg7 4. O-O O-O 5. d4 d6 6. c4 Nbd7 7. Nc3 c6 8. e4
e5 9. h3 Re8 10. d5 Nc5 11. Qc2 a5 12. Be3 Na6 13. Ne1 Qc7 14. Qd2 Bd7 15. dxc6
bxc6 16. Rd1 Be6 17. b3 Red8 18. Bg5 Bc8 19. f4 Qb6+ 20. Qf2 Qxf2+ 21. Rxf2
exf4 22. e5 fxg3 23. Rf3 1-0

[Event "Thüringer Einzelmeisterschaft"]
[Site "Finsterbergen"]
[Date "2005.03.24"]
[Round "3"]
[White "Aepfler, Christian"]
[Black "Vogel, Alfred"]
[Result "1-0"]
[WhiteElo "2262"]
[BlackElo "2049"]
[PlyCount "87"]
[EventDate "2005.??.??"]
[EventRounds "9"]
[EventCountry "GER"]

1. e4 e6 2. d4 d5 3. Nd2 Nf6 4. e5 Nfd7 5. Bd3 c5 6. c3 Nc6 7. Ne2 Be7 8. O-O
Qb6 9. Nf3 cxd4 10. cxd4 f6 11. Nf4 Nf8 12. Re1 Bd7 13. Nh5 Rg8 14. a3 O-O-O
15. b4 Be8 16. Ng3 f5 17. b5 Na5 18. Bd2 Kb8 19. Qa4 Nc4 20. Bxc4 dxc4 21. Ba5
Qxb5 22. Qxb5 Bxb5 23. Bxd8 Bxd8 24. Rec1 g5 25. Nd2 Bb6 26. Ne2 c3 27. Nxc3
Bc6 28. Nb3 Nd7 29. Re1 Rd8 30. Rad1 Nf8 31. d5 exd5 32. e6 Ng6 33. e7 Re8 34.
Nxd5 Bxd5 35. Rxd5 Rxe7 36. Rxe7 Nxe7 37. Rd7 Nc6 38. Rxh7 Bd8 39. a4 Kc8 40.
Kf1 a6 41. Ke2 b5 42. axb5 axb5 43. g3 b4 44. h4 1-0

[Event "Thüringer Einzelmeisterschaft"]
[Site "Finsterbergen"]
[Date "2005.03.24"]
[Round "3"]
[White "Zschiedrich, Heiko"]
[Black "Kirchhübel, Steffen"]
[Result "1-0"]
[WhiteElo "2231"]
[BlackElo "1847"]
[PlyCount "47"]
[EventDate "2005.??.??"]
[EventRounds "9"]
[EventCountry "GER"]

1. e4 e5 2. Nf3 Nc6 3. Nc3 Bc5 4. Nxe5 Nxe5 5. d4 Bd6 6. dxe5 Bxe5 7. Bc4 d6 8.
O-O Bxc3 9. bxc3 Qf6 10. Be3 Ne7 11. Qd2 h6 12. Bd4 Qg6 13. f4 f5 14. exf5 Bxf5
15. Rae1 Kd7 16. Rf3 Bg4 17. Rg3 Nf5 18. Bd3 Qh5 19. Bxf5+ Qxf5 20. h3 Bh5 21.
Rxg7+ Bf7 22. Qd3 Qd5 23. c4 Qh5 24. g4 1-0

[Event "Thüringer Einzelmeisterschaft"]
[Site "Finsterbergen"]
[Date "2005.03.24"]
[Round "3"]
[White "Kirste, Olaf"]
[Black "Buring, Matthias"]
[Result "0-1"]
[WhiteElo "2056"]
[BlackElo "2154"]
[PlyCount "54"]
[EventDate "2005.??.??"]
[EventRounds "9"]
[EventCountry "GER"]

1. c4 c6 2. Nf3 d5 3. e3 Nf6 4. Be2 e6 5. O-O Bd6 6. d4 Ne4 7. Nbd2 f5 8. Qc2
Qf6 9. b3 Nd7 10. Bb2 O-O 11. Bd3 g5 12. Rae1 g4 13. Ne5 Nxe5 14. dxe5 Bxe5 15.
Bxe5 Qxe5 16. f3 Nxd2 17. Qxd2 g3 18. f4 gxh2+ 19. Kh1 Qf6 20. Rf3 Bd7 21. Qb4
b6 22. Qd6 Be8 23. Ref1 Rd8 24. Qa3 Bh5 25. Rh3 Bg4 26. Rxh2 dxc4 27. Bxc4 b5
0-1

[Event "Thüringer Einzelmeisterschaft"]
[Site "Finsterbergen"]
[Date "2005.03.24"]
[Round "3"]
[White "Hannes, Diana"]
[Black "Gulich, Christian"]
[Result "0-1"]
[WhiteElo "1928"]
[BlackElo "2113"]
[PlyCount "34"]
[EventDate "2005.??.??"]
[EventRounds "9"]
[EventCountry "GER"]

1. e4 c5 2. Nf3 d6 3. d4 cxd4 4. Nxd4 Nf6 5. Nc3 g6 6. f3 Bg7 7. Be3 O-O 8. Qd2
Nc6 9. O-O-O d5 10. Nxc6 bxc6 11. exd5 Nxd5 12. Nxd5 cxd5 13. Qxd5 Qc7 14. Qc4
Qe5 15. Bd4 Qf4+ 16. Kb1 Rd8 17. g3 Rxd4 0-1

[Event "Thüringer Einzelmeisterschaft"]
[Site "Finsterbergen"]
[Date "2005.03.24"]
[Round "3"]
[White "Koksch, Robert"]
[Black "Tischer, Jana"]
[Result "1-0"]
[WhiteElo "2099"]
[BlackElo "1867"]
[PlyCount "67"]
[EventDate "2005.??.??"]
[EventRounds "9"]
[EventCountry "GER"]

1. d4 f5 2. c4 e6 3. Nc3 Nf6 4. g3 Be7 5. Bg2 O-O 6. e3 d6 7. Nf3 Qe8 8. O-O
Bd8 9. Qd3 e5 10. e4 f4 11. dxe5 dxe5 12. gxf4 exf4 13. e5 Ng4 14. Nd5 Nxe5 15.
Nxe5 Qxe5 16. Bxf4 Qh5 17. Bxc7 Bf5 18. Qb3 Nc6 19. Bxd8 Raxd8 20. Rad1 Ne5 21.
Ne7+ Kh8 22. Rxd8 Rxd8 23. Nxf5 Qxf5 24. Qxb7 Rf8 25. Qd5 Qf4 26. Qe4 Qf6 27.
f4 Ng4 28. Qe2 Qd4+ 29. Kh1 Ne3 30. Re1 Nxc4 31. Rd1 Qc5 32. Rc1 Rc8 33. b3 Qf5
34. Rxc4 1-0

[Event "Thüringer Einzelmeisterschaft"]
[Site "Finsterbergen"]
[Date "2005.03.24"]
[Round "3"]
[White "Hermann, Ingo"]
[Black "Stridde, Peter"]
[Result "1/2-1/2"]
[WhiteElo "2004"]
[BlackElo "2085"]
[PlyCount "47"]
[EventDate "2005.??.??"]
[EventRounds "9"]
[EventCountry "GER"]

1. e4 Nc6 2. Nf3 f5 3. exf5 d5 4. Bb5 Bxf5 5. Ne5 Qd6 6. d4 Nf6 7. O-O Nd7 8.
Bxc6 bxc6 9. Bf4 Nxe5 10. Bxe5 Qd7 11. c4 e6 12. c5 Rg8 13. Qh5+ Bg6 14. Qe2
Be7 15. Nd2 Kf7 16. Qa6 Bf6 17. Rfe1 Rgb8 18. Nb3 Bc2 19. Na5 Ba4 20. Qd3 Rxb2
21. Qxh7 Bc2 22. Qh5+ Bg6 23. Qh3 Rb5 24. Qc3 1/2-1/2

[Event "Thüringer Einzelmeisterschaft"]
[Site "Finsterbergen"]
[Date "2005.03.24"]
[Round "3"]
[White "Grüner, Nico"]
[Black "Von Otte, Wilhelm"]
[Result "0-1"]
[WhiteElo "1481"]
[BlackElo "1977"]
[PlyCount "68"]
[EventDate "2005.??.??"]
[EventRounds "9"]
[EventCountry "GER"]

1. e4 e6 2. d4 d5 3. exd5 exd5 4. c4 Nf6 5. h3 Bb4+ 6. Nc3 O-O 7. Nf3 Re8+ 8.
Be3 Ne4 9. Qb3 Qe7 10. O-O-O Nxc3 11. bxc3 Ba3+ 12. Kb1 Bf5+ 13. Ka1 dxc4 14.
Bxc4 Nc6 15. Ne5 Nxe5 16. dxe5 Be6 17. Bxe6 fxe6 18. f4 Bc5 19. Bc1 c6 20. g4
Rad8 21. f5 Rd5 22. h4 Rxe5 23. Bg5 Qf7 24. fxe6 Qxe6 25. Qxb7 h6 26. Bd8 Qxg4
27. Qxc6 Qc4 28. Ba5 Kh7 29. h5 R8e6 30. Qb7 Bb6 31. Rd7 Re1+ 32. Rxe1 Rxe1+
33. Kb2 Re2+ 34. Kc1 Qf4+ 0-1

[Event "Thüringer Einzelmeisterschaft"]
[Site "Finsterbergen"]
[Date "2005.03.24"]
[Round "3"]
[White "Koksch, Florian"]
[Black "Manger, Erika"]
[Result "1/2-1/2"]
[WhiteElo "1910"]
[BlackElo "1479"]
[PlyCount "87"]
[EventDate "2005.??.??"]
[EventRounds "9"]
[EventCountry "GER"]

1. e4 c6 2. d4 d5 3. exd5 cxd5 4. Nf3 Bf5 5. Bd3 Bxd3 6. Qxd3 Nc6 7. O-O e6 8.
Bf4 Bd6 9. Ne5 Nge7 10. Nc3 O-O 11. Nb5 Nxe5 12. Bxe5 Bxe5 13. dxe5 Nc6 14.
Rfe1 Qg5 15. Qe3 Qxe3 16. Rxe3 Nb4 17. Re2 a6 18. Nd6 b6 19. h3 Ra7 20. a3 Nc6
21. Rc1 Rc7 22. c4 Nd4 23. Re3 dxc4 24. Re4 Nb3 25. Rcxc4 Rxc4 26. Rxc4 Nc5 27.
f4 Nd3 28. b4 f6 29. Rd4 Ne1 30. exf6 Rxf6 31. Rc4 Nd3 32. g3 e5 33. fxe5 Nxe5
34. Rc8+ Rf8 35. Rxf8+ Kxf8 36. a4 Nd3 37. b5 axb5 38. axb5 Nb4 39. Kf2 Nd5 40.
Kf3 Ke7 41. Nf5+ Kf6 42. g4 g6 43. Nd4 Ke5 44. Nc2 1/2-1/2

[Event "Thüringer Einzelmeisterschaft"]
[Site "Finsterbergen"]
[Date "2005.03.25"]
[Round "4"]
[White "Paehtz, Thomas Jr"]
[Black "Holzschuh, Stephan"]
[Result "0-1"]
[WhiteElo "2259"]
[BlackElo "2181"]
[PlyCount "64"]
[EventDate "2005.??.??"]
[EventRounds "9"]
[EventCountry "GER"]

1. c4 Nf6 2. Nc3 g6 3. g3 Bg7 4. Bg2 O-O 5. e4 e5 6. Nge2 d6 7. O-O c6 8. d3
Na6 9. h3 Be6 10. f4 Qd7 11. Kh2 Ne8 12. Be3 f5 13. exf5 Bxf5 14. d4 exf4 15.
Nxf4 Nf6 16. Qd2 Rae8 17. a3 Ne4 18. Nxe4 Bxe4 19. d5 Bxg2 20. Kxg2 Nc5 21.
Rae1 Ne4 22. Qc2 Nxg3 23. Kxg3 Be5 24. h4 Rf5 25. Qd1 g5 26. Qg4 h5 27. Qh3
gxf4+ 28. Kg2 Ref8 29. Bxa7 cxd5 30. Qd3 dxc4 31. Qxc4+ Kh8 32. Bf2 f3+ 0-1

[Event "Thüringer Einzelmeisterschaft"]
[Site "Finsterbergen"]
[Date "2005.03.25"]
[Round "4"]
[White "Kirschbaum, Gunnar"]
[Black "Wegerich, Michael"]
[Result "1-0"]
[WhiteElo "2215"]
[BlackElo "2135"]
[PlyCount "61"]
[EventDate "2005.??.??"]
[EventRounds "9"]
[EventCountry "GER"]

1. d4 d5 2. Nf3 e6 3. c4 c5 4. cxd5 exd5 5. g3 Nc6 6. Nc3 cxd4 7. Nxd4 Bb4 8.
Bg2 Bxc3+ 9. bxc3 Nge7 10. Nxc6 bxc6 11. O-O O-O 12. Ba3 Re8 13. Qa4 Bd7 14.
Bc5 Nc8 15. e4 Nb6 16. Qc2 dxe4 17. Bxe4 h6 18. Rfd1 Qc8 19. Rd4 Be6 20. Bxb6
axb6 21. Rd6 Bd5 22. Bxd5 cxd5 23. Rxd5 Qc4 24. Rd4 Qc6 25. Qd2 Rec8 26. Rd6
Qb5 27. Re1 Qc5 28. Re2 b5 29. Rd7 Qxc3 30. Rd8+ Kh7 31. Qxc3 1-0

[Event "Thüringer Einzelmeisterschaft"]
[Site "Finsterbergen"]
[Date "2005.03.25"]
[Round "4"]
[White "Gulich, Christian"]
[Black "Aepfler, Christian"]
[Result "0-1"]
[WhiteElo "2113"]
[BlackElo "2262"]
[PlyCount "78"]
[EventDate "2005.??.??"]
[EventRounds "9"]
[EventCountry "GER"]

1. e4 d5 2. exd5 Qxd5 3. Nc3 Qd6 4. Bc4 Nf6 5. d4 a6 6. Bb3 Nc6 7. Nge2 Na5 8.
Bf4 Qd8 9. O-O Nxb3 10. axb3 e6 11. Ng3 Be7 12. Nge4 Nxe4 13. Nxe4 O-O 14. Re1
b6 15. Qd2 Bb7 16. Qe3 Rc8 17. Rad1 a5 18. Be5 f6 19. Bg3 Re8 20. Rd2 Bf8 21.
h3 Qd5 22. f3 Qh5 23. Red1 Qg6 24. Kh2 Qf7 25. c4 Rcd8 26. Qf2 Rd7 27. Rd3 h6
28. Kh1 Red8 29. Qe2 Ba6 30. Qc2 Qg6 31. Kh2 Be7 32. Qe2 Qf7 33. Qc2 h5 34. Qe2
a4 35. Qc2 axb3 36. Qxb3 Bb7 37. Qc2 Ra8 38. Re3 f5 39. Nc3 f4 0-1

[Event "Thüringer Einzelmeisterschaft"]
[Site "Finsterbergen"]
[Date "2005.03.25"]
[Round "4"]
[White "Koksch, Robert"]
[Black "Wehner, Jannis"]
[Result "1/2-1/2"]
[WhiteElo "2099"]
[BlackElo "2212"]
[PlyCount "65"]
[EventDate "2005.??.??"]
[EventRounds "9"]
[EventCountry "GER"]

1. d4 Nf6 2. c4 d6 3. e3 g6 4. Nc3 Bg7 5. e4 O-O 6. f4 c5 7. d5 e6 8. Nf3 exd5
9. exd5 Na6 10. Be2 Nc7 11. O-O Bd7 12. Rb1 Rb8 13. b4 cxb4 14. Rxb4 Na6 15.
Rb1 Nc5 16. Nd4 Nfe4 17. Nxe4 Nxe4 18. Qd3 Re8 19. Bf3 Nc5 20. Qd2 Qc8 21. Ba3
a6 22. Rfc1 Bg4 23. Rb6 Bxf3 24. Nxf3 Ne4 25. Qc2 Qd8 26. Rb3 Qc8 27. Re1 f5
28. Rc1 Qc7 29. Bb2 Rec8 30. Bxg7 Qxg7 31. Rb6 Rc7 32. Qd3 Nc5 33. Qd4 1/2-1/2

[Event "Thüringer Einzelmeisterschaft"]
[Site "Finsterbergen"]
[Date "2005.03.25"]
[Round "4"]
[White "Buring, Matthias"]
[Black "Rohmeiss, Roberto"]
[Result "1/2-1/2"]
[WhiteElo "2154"]
[BlackElo "2088"]
[PlyCount "107"]
[EventDate "2005.??.??"]
[EventRounds "9"]
[EventCountry "GER"]

1. d4 Nf6 2. c4 c5 3. d5 e6 4. Nc3 exd5 5. cxd5 d6 6. e4 g6 7. f4 Bg7 8. Nf3
O-O 9. Bd3 Re8 10. O-O c4 11. Bc2 Na6 12. Be3 Bd7 13. Rc1 b5 14. a3 Qc7 15. Bd4
Nc5 16. Ng5 h6 17. e5 Nh5 18. Nxf7 Kxf7 19. e6+ Bxe6 20. Nxb5 Qd7 21. dxe6+
Nxe6 22. Bxg7 Qxb5 23. Bc3 Qc5+ 24. Kh1 Nhg7 25. f5 gxf5 26. Bxf5 Kg8 27. Qg4
Ng5 28. h4 Nxf5 29. Rxf5 Re4 30. Rxg5+ Qxg5 31. Qxe4 Qxc1+ 32. Kh2 Rd8 33.
Qxc4+ d5 34. Qg4+ Kf7 35. Qf5+ Ke8 36. Qe6+ Kf8 37. Bb4+ Kg7 38. Qe7+ Kg6 39.
Qxd8 Qf4+ 40. Kg1 Qc1+ 41. Kh2 Qf4+ 42. Kg1 Qc1+ 43. Kf2 Qf4+ 44. Ke2 Qe4+ 45.
Kd2 Qd4+ 46. Kc2 Qc4+ 47. Bc3 Qe2+ 48. Kb1 Qf1+ 49. Kc2 Qe2+ 50. Bd2 Qc4+ 51.
Bc3 Qe2+ 52. Kb1 Qf1+ 53. Ka2 Qc4+ 54. Kb1 1/2-1/2

[Event "Thüringer Einzelmeisterschaft"]
[Site "Finsterbergen"]
[Date "2005.03.25"]
[Round "4"]
[White "Huster, Mike"]
[Black "Schmidt, Matthias"]
[Result "1/2-1/2"]
[WhiteElo "2074"]
[BlackElo "2090"]
[PlyCount "115"]
[EventDate "2005.??.??"]
[EventRounds "9"]
[EventCountry "GER"]

1. Nf3 Nf6 2. g3 g6 3. Bg2 Bg7 4. O-O O-O 5. d4 d6 6. c4 Nbd7 7. Nc3 e5 8. d5
a5 9. e4 Nc5 10. Qc2 Bd7 11. Be3 b6 12. h3 Nh5 13. Qe2 f5 14. Nd2 f4 15. Bxc5
bxc5 16. Qd3 fxg3 17. fxg3 Qg5 18. Ne2 Bh6 19. Nf3 Qe3+ 20. Qxe3 Bxe3+ 21. Kh2
Rfb8 22. Rab1 Rb4 23. b3 a4 24. bxa4 Raxa4 25. Nc3 Ra3 26. Rxb4 cxb4 27. Nd1
Bh6 28. Nf2 Rxa2 29. Ng4 Bf4 30. gxf4 Bxg4 31. hxg4 Nxf4 32. Rb1 Rxg2+ 33. Kh1
Rf2 34. Ng5 Nd3 35. Ne6 Rf7 36. Ra1 h5 37. Ra8+ Kh7 38. Ng5+ Kg7 39. Nxf7 Kxf7
40. gxh5 gxh5 41. Ra7 Nf2+ 42. Kg2 Nxe4 43. Rxc7+ Kf6 44. Rb7 Nd2 45. Rxb4 e4
46. Kf2 Ke5 47. Ke2 Nf3 48. Ke3 Nd4 49. Rb8 Nf5+ 50. Ke2 Kd4 51. Rf8 Ng3+ 52.
Kf2 h4 53. Rf4 Kd3 54. Rxh4 Nf5 55. Rf4 e3+ 56. Ke1 Nd4 57. Rxd4+ Kxd4 58. Ke2
1/2-1/2

[Event "Thüringer Einzelmeisterschaft"]
[Site "Finsterbergen"]
[Date "2005.03.25"]
[Round "4"]
[White "Missbach, Bernd"]
[Black "Kirste, Olaf"]
[Result "1-0"]
[WhiteElo "2190"]
[BlackElo "2056"]
[PlyCount "77"]
[EventDate "2005.??.??"]
[EventRounds "9"]
[EventCountry "GER"]

1. Nf3 d5 2. d4 Nf6 3. Bg5 e6 4. e3 Be7 5. c4 c6 6. Bd3 Nbd7 7. O-O O-O 8. c5
a5 9. Nc3 Re8 10. a3 Nf8 11. Qc2 N6d7 12. Bxe7 Qxe7 13. b4 axb4 14. axb4 Rxa1
15. Rxa1 e5 16. Bf5 e4 17. Ne1 Qg5 18. Bh3 f5 19. g3 h5 20. Ng2 Ng6 21. Ne2 h4
22. Nef4 hxg3 23. hxg3 Nf6 24. Qe2 Qh6 25. Nxg6 Qxg6 26. Ne1 Qh6 27. Bg2 Kf7
28. b5 Rh8 29. bxc6 Qh2+ 30. Kf1 f4 31. Qb5 bxc6 32. Ra7+ Kg6 33. Qxc6 Bh3 34.
Qc7 Bxg2+ 35. Nxg2 Qh1+ 36. Ke2 f3+ 37. Kd2 fxg2 38. Qxg7+ Kf5 39. g4+ 1-0

[Event "Thüringer Einzelmeisterschaft"]
[Site "Finsterbergen"]
[Date "2005.03.25"]
[Round "4"]
[White "Vogel, Alfred"]
[Black "Hannes, Diana"]
[Result "1/2-1/2"]
[WhiteElo "2049"]
[BlackElo "1928"]
[PlyCount "48"]
[EventDate "2005.??.??"]
[EventRounds "9"]
[EventCountry "GER"]

1. e4 c5 2. Nc3 Nc6 3. g3 g6 4. Bg2 Bg7 5. d3 d6 6. Be3 Nd4 7. Qd2 Qa5 8. f4
Nh6 9. h3 f5 10. Nf3 Nf7 11. O-O e6 12. Qf2 Nxf3+ 13. Bxf3 O-O 14. Nd1 Rb8 15.
c3 Qc7 16. e5 b6 17. exd6 Qxd6 18. Qe2 Ba6 19. Nf2 e5 20. c4 Rfe8 21. Qc2 Bb7
22. Bxb7 Rxb7 23. Rae1 Rbe7 24. Qd2 Nd8 1/2-1/2

[Event "Thüringer Einzelmeisterschaft"]
[Site "Finsterbergen"]
[Date "2005.03.25"]
[Round "4"]
[White "Kirchhübel, Steffen"]
[Black "Hermann, Ingo"]
[Result "1/2-1/2"]
[WhiteElo "1847"]
[BlackElo "2004"]
[PlyCount "129"]
[EventDate "2005.??.??"]
[EventRounds "9"]
[EventCountry "GER"]

1. e4 e6 2. d4 d5 3. Nc3 Nf6 4. Bg5 dxe4 5. Nxe4 Nbd7 6. Nf3 Be7 7. Ng3 c5 8.
dxc5 Nxc5 9. Bb5+ Bd7 10. Bxd7+ Ncxd7 11. O-O h6 12. Bf4 Nd5 13. Bd2 Rc8 14. c3
N7f6 15. Qa4+ Qd7 16. Qxa7 Bc5 17. Qa5 O-O 18. a4 Bd6 19. Qb5 Qc7 20. Rfe1 Rfd8
21. Ne4 Nxe4 22. Rxe4 Nf6 23. Re2 Ra8 24. c4 Nd7 25. b4 b6 26. Be3 Rab8 27. Rd1
Ne5 28. Nxe5 Bxe5 29. Rxd8+ Rxd8 30. Re1 Bd4 31. Bxd4 Rxd4 32. c5 bxc5 33. bxc5
Rd5 34. Rc1 Qf4 35. Qf1 Qxa4 36. c6 Rd8 37. c7 Rc8 38. Qd3 Qe8 39. Qd6 Kh7 40.
Rb1 Qa4 41. Qd3+ g6 42. Rc1 Qf4 43. Qc3 Qd6 44. g3 Kg8 45. Qa5 Kh7 46. h4 h5
47. Qa7 Kg7 48. Qb7 Qd7 49. Qb6 Kh7 50. Kh2 Kg7 51. Qc5 Kh7 52. Kg2 Kg7 53. Kf3
Qd3+ 54. Kf4 Qd7 55. Ke4 Kg8 56. Rc2 Kg7 57. Qd4+ Qxd4+ 58. Kxd4 Kf6 59. Rc6
Kf5 60. Kc5 f6 61. Kb6 g5 62. Kb7 Re8 63. c8=Q Rxc8 64. Kxc8 gxh4 65. gxh4
1/2-1/2

[Event "Thüringer Einzelmeisterschaft"]
[Site "Finsterbergen"]
[Date "2005.03.25"]
[Round "4"]
[White "Von Otte, Wilhelm"]
[Black "Tischer, Jana"]
[Result "1-0"]
[WhiteElo "1977"]
[BlackElo "1867"]
[PlyCount "55"]
[EventDate "2005.??.??"]
[EventRounds "9"]
[EventCountry "GER"]

1. e4 c5 2. c3 Nf6 3. d3 e6 4. Nd2 Nc6 5. Ngf3 d5 6. Qc2 Be7 7. g3 O-O 8. Bg2
d4 9. O-O b5 10. c4 b4 11. Re1 Qc7 12. Nf1 a5 13. e5 Nd7 14. Bf4 a4 15. Qd1 Bb7
16. h4 Qc8 17. Bh3 Bd8 18. N1h2 Ne7 19. Ng5 Ng6 20. Qh5 Bxg5 21. hxg5 Qc6 22.
f3 Qc7 23. Kf1 Ndxe5 24. Rxe5 Nxe5 25. Re1 f6 26. Bxe6+ Kh8 27. g6 h6 28. Bxh6
1-0

[Event "Thüringer Einzelmeisterschaft"]
[Site "Finsterbergen"]
[Date "2005.03.25"]
[Round "4"]
[White "Stridde, Peter"]
[Black "Koksch, Florian"]
[Result "1-0"]
[WhiteElo "2085"]
[BlackElo "1910"]
[PlyCount "65"]
[EventDate "2005.??.??"]
[EventRounds "9"]
[EventCountry "GER"]

1. Nc3 e5 2. Nf3 Nc6 3. d4 exd4 4. Nxd4 Bb4 5. Nxc6 bxc6 6. Qd4 Bxc3+ 7. Qxc3
Qf6 8. Bd2 Rb8 9. O-O-O Qxc3 10. Bxc3 f6 11. g3 Ne7 12. Bg2 O-O 13. e4 d6 14.
f4 Be6 15. a3 d5 16. Bb4 Rfe8 17. Bxe7 Rxe7 18. exd5 cxd5 19. Bxd5 Bxd5 20.
Rxd5 Rbe8 21. c3 Re1+ 22. Rxe1 Rxe1+ 23. Kc2 Re2+ 24. Rd2 Rxd2+ 25. Kxd2 Kf7
26. Kd3 Ke6 27. Ke4 c5 28. f5+ Kd6 29. b4 a6 30. c4 g5 31. fxg6 hxg6 32. g4 Kc6
33. h4 1-0

[Event "Thüringer Einzelmeisterschaft"]
[Site "Finsterbergen"]
[Date "2005.03.25"]
[Round "4"]
[White "Manger, Erika"]
[Black "Grüner, Nico"]
[Result "1-0"]
[WhiteElo "1479"]
[BlackElo "1481"]
[PlyCount "49"]
[EventDate "2005.??.??"]
[EventRounds "9"]
[EventCountry "GER"]

1. c4 Nf6 2. g3 g6 3. Bg2 Bg7 4. e3 O-O 5. Ne2 d6 6. d4 Nbd7 7. O-O c6 8. Nbc3
e5 9. b3 Nh5 10. dxe5 dxe5 11. Ba3 Re8 12. Ne4 Qa5 13. Bb2 Bf8 14. a3 Qc7 15.
Qc2 f5 16. Nd2 f4 17. exf4 exf4 18. Nf3 Nc5 19. Ned4 Bd7 20. b4 Ne6 21. Rfe1
Rac8 22. Rad1 Nxd4 23. Nxd4 Rxe1+ 24. Rxe1 c5 25. Bd5+ 1-0